Silent Treatment - Freya Skye - Statistics

General Stats
  • This quiz has been taken 84 times
  • The average score is 296 of 345
Answer Stats
Answer % Correct
a
100%
an
100%
and
100%
don't
100%
I
100%
i
100%
to
100%
You
100%
you
100%
be
97%
cool
97%
it
97%
me
97%
played
97%
then
97%
dumb
95%
give
95%
like
95%
little
95%
reason
95%
silent
95%
so
95%
that
95%
the
95%
think
95%
too
95%
treatment
95%
we
95%
young
95%
can't
92%
fun
92%
go
92%
ignore
92%
I'm
92%
i'm
92%
look
92%
my
92%
talk
92%
with
92%
for
90%
hopes
90%
made
90%
messed
90%
of
90%
anymore
87%
baby
87%
been
87%
damage
87%
done
87%
got
87%
hate
87%
high
87%
is
87%
just
87%
much
87%
way
87%
but
85%
free
85%
have
85%
leaving
85%
life
85%
oh
85%
out
85%
relax
85%
walked
85%
goodbye
82%
hardly
82%
in
82%
laugh
82%
least
82%
sayin
82%
time
82%
up
82%
at
79%
convincing
79%
was
79%
casually
77%
cause
77%
gave
77%
hell
77%
said
77%
staring
77%
where
77%
ask
74%
it's
74%
your
74%
combo
72%
could've
72%
left
72%
off
72%
right
72%
am
69%
ceiling
69%
I've
69%
month
69%
wanna
69%
between
67%
checked
67%
help
67%
name
67%
optimist
67%
read
67%
since
67%
went
67%
all
64%
lines
64%
mind
64%
somebody
64%
deadlier
62%
friend
62%
here
62%
narcissist
62%
phone
62%
rings
62%
why
62%
wrong
62%
almost
59%
call
59%
die
59%
every
59%
ain't
56%
down
56%
no
56%
obvious
56%
something's
56%
supposed
56%
us
56%
you're
56%
again
54%
control
54%
self
54%
tell
54%
them
54%
won't
54%
pour
51%
sink
51%
did
46%
erased
46%
find
44%
built
41%
or
41%
someone
38%
screaming
36%
feeling
33%
No matching quizzes found
Score Distribution
Percent of People with Each Score
Percentile by Number Answered
Your Score History
You have not taken this quiz